River discoveries / (Record no. 9768)

MARC details
000 -LEADER
fixed length control field 01021nam a22002897a 4500
001 - CONTROL NUMBER
control field 9768
003 - CONTROL NUMBER IDENTIFIER
control field FISKH
005 - DATE AND TIME OF LATEST TRANSACTION
control field 20260304143831.0
008 - FIXED-LENGTH DATA ELEMENTS--GENERAL INFORMATION
fixed length control field 260212b cb ||||| |||| 00| 0 eng d
020 ## - INTERNATIONAL STANDARD BOOK NUMBER
International Standard Book Number 9781570914195
040 ## - CATALOGING SOURCE
Original cataloging agency FISKH
Language of cataloging eng
Transcribing agency FISKH
Modifying agency FISKH
050 ## - LIBRARY OF CONGRESS CALL NUMBER
Classification number QL145 .W34
082 ## - DEWEY DECIMAL CLASSIFICATION NUMBER
Classification number 591.76
100 ## - MAIN ENTRY--PERSONAL NAME
Personal name Wadsworth , Ginge
Relator term Author
245 ## - TITLE STATEMENT
Title River discoveries /
Statement of responsibility, etc. By Ginger Wadsworth : Illustrated by Paul Kratter
260 ## - PUBLICATION, DISTRIBUTION, ETC.
Place of publication, distribution, etc. Watertown , MA :
Name of publisher, distributor, etc. Charlesbridge ,
Date of publication, distribution, etc. 2002 .
300 ## - PHYSICAL DESCRIPTION
Extent 32 unnumbered pages :
Other physical details color illustrations ;
Dimensions 21 X 28 cm .
505 ## - FORMATTED CONTENTS NOTE
Formatted contents note K <br/>
520 ## - SUMMARY, ETC.
Summary, etc. Explores the wildlife that depends on a river for food and shelter. Discussion questions follow each section of the text.<br/>
521 8# - TARGET AUDIENCE NOTE
Target audience note 510 <br/>
Source Lexile estimate <br/>
521 8# - TARGET AUDIENCE NOTE
Target audience note K <br/>
Source Raz-Plus <br/>
650 ## - SUBJECT ADDED ENTRY--TOPICAL TERM
Topical term or geographic name entry element Stream animals
Form subdivision Juvenile Literature
650 ## - SUBJECT ADDED ENTRY--TOPICAL TERM
Topical term or geographic name entry element Stream animals- Idaho- Salmon River
Form subdivision Juvenile Literature
700 ## - ADDED ENTRY--PERSONAL NAME
Personal name Kratter , Paul
Relator term Illustrator
942 ## - ADDED ENTRY ELEMENTS (KOHA)
Source of classification or shelving scheme Dewey Decimal Classification
Koha item type Books
Suppress in OPAC No
Holdings
Withdrawn status Lost status Source of classification or shelving scheme Damaged status Not for loan Collection Home library Current library Shelving location Date acquired Total Checkouts Full call number Barcode Date last seen Copy number Price effective from Koha item type
    Dewey Decimal Classification     Non-Fiction Footprints International School Library Network Toul Tom Poung Campus Footprints International School Library Network Toul Tom Poung Campus TTP Primary Yellow Bookshelves 02/12/2026   WAD 591.76 QL145 .W34 FIS03374 02/12/2026 1 02/12/2026 Books
    Dewey Decimal Classification     Non-Fiction Footprints International School Library Network Toul Tom Poung Campus Footprints International School Library Network Toul Tom Poung Campus TTP Primary Yellow Bookshelves 03/04/2026   WAD 591.76 QL145 .W34 FISTK02428 03/04/2026 2 03/04/2026 Books